书目信息 |
| 题名: |
病理学与病理生理学
|
|
| 作者: | 丁运良 , 涂开峰 , 谢新民 主编 | |
| 分册: | ||
| 出版信息: | 北京 中国科学技术出版社 2014 |
|
| 页数: | 10,252页 | |
| 开本: | 28cm | |
| 丛书名: | ||
| 单 册: | ||
| 中图分类: | R36 , R363 | |
| 科图分类: | ||
| 主题词: | 病理学--医学院校--教材 , 病理生理学--医学院校--教材 , 病理学 , 病理生理学 | |
| 电子资源: | ||
| ISBN: | 978-7-5046-6476-1 | |
| 000 | 01087nam0 2200313 450 | |
| 001 | 012015000212 | |
| 005 | 20150914160701.54 | |
| 010 | @a978-7-5046-6476-1@dCNY56.00 | |
| 100 | @a20140727d2014 em y0chiy50 ea | |
| 101 | 0 | @achi |
| 102 | @aCN@b110000 | |
| 105 | @aa z 000yy | |
| 106 | @ar | |
| 200 | 1 | @a病理学与病理生理学@Abing li xue yu bing li sheng li xue@f丁运良,涂开峰,谢新民主编 |
| 210 | @a北京@c中国科学技术出版社@d2014 | |
| 215 | @a10,252页@c彩图@d28cm | |
| 300 | @a全国医学类专业“十二五”规划创新教材 | |
| 330 | @a本书共26章,前13章为总论部分,重点叙述疾病的基本形态、功能、代谢变化;后13章为各论部分,主要叙述常见病、多发病的原因、发病机制、病理变化及病理临床联系、结局等。 | |
| 606 | 0 | @a病理学@x医学院校@j教材 |
| 606 | 0 | @a病理生理学@x医学院校@j教材 |
| 606 | 0 | @a病理学 |
| 606 | 0 | @a病理生理学 |
| 690 | @aR36@v5 | |
| 690 | @aR363@v5 | |
| 701 | 0 | @a丁运良@Ading yun liang@f(1954~)@4主编 |
| 701 | 0 | @a涂开峰@Atu kai feng@4主编 |
| 701 | 0 | @a谢新民@Axie xin min@f(1966~)@4主编 |
| 801 | 0 | @aCN@b碧洲教育@c20150716 |
| 905 | @a10447@f4@dR36@e240 | |
| 病理学与病理生理学/丁运良,涂开峰,谢新民主编.-北京:中国科学技术出版社,2014 |
| 10,252页:彩图;28cm |
| 全国医学类专业“十二五”规划创新教材 |
| ISBN 978-7-5046-6476-1:CNY56.00 |
| 本书共26章,前13章为总论部分,重点叙述疾病的基本形态、功能、代谢变化;后13章为各论部分,主要叙述常见病、多发病的原因、发病机制、病理变化及病理临床联系、结局等。 |
| ● |
| 相关链接 |
|
|
|
|
正题名:病理学与病理生理学
索取号:R36/240
 
预约/预借
| 序号 | 登录号 | 条形码 | 馆藏地/架位号 | 状态 | 备注 |
| 1 | 0870235 | 208702359 | 第二样本阅览室/ [索取号:R36/240] | 在馆 | |
| 2 | 0870236 | 208702368 | 第三借阅区/ [索取号:R36/240] | 在馆 | |
| 3 | 0870237 | 208702377 | 第三借阅区/ [索取号:R36/240] | 在馆 | |
| 4 | 0870238 | 208702386 | 第三借阅区/ [索取号:R36/240] | 在馆 |